Fungovanie menovej politiky
Hlavným cieľom menovej politiky je zabezpečenie stability meny a boj proti inflácii. Príklad reštriktívnej menovej politiky v prípade, keď centrálna banka sa snaží tlmiť infláciu. Vývoj množstva peňazí, ktoré môže ovplyvniť centrálna banka závisí od štyroch faktorov: od fiškálneho faktora, refinančn...
Guardado en:
| Autor principal: | |
|---|---|
| Formato: | Capítulo de libro |
| Lenguaje: | eslovaco |
| Materias: | |
| Etiquetas: |
Sin Etiquetas, Sea el primero en etiquetar este registro!
|
MARC
| LEADER | 00000naa a2200000 4500 | ||
|---|---|---|---|
| 001 | r034112 | ||
| 005 | 20230809074919.2 | ||
| 041 | 0 | |a slo | |
| 044 | |a SK | ||
| 245 | 1 | 0 | |a Fungovanie menovej politiky |c Otto Sobek |
| 520 | |a Hlavným cieľom menovej politiky je zabezpečenie stability meny a boj proti inflácii. Príklad reštriktívnej menovej politiky v prípade, keď centrálna banka sa snaží tlmiť infláciu. Vývoj množstva peňazí, ktoré môže ovplyvniť centrálna banka závisí od štyroch faktorov: od fiškálneho faktora, refinančného faktora, faktora voľného trhu, faktora zahraničnej politiky. Problém časového oneskorenia menovej politiky. Rozdiely vo vysvetľovaní pôsobenia menovej politiky medzi keynesovcami a monetaristami. | ||
| 610 | 2 | 0 | |a politika menová |
| 610 | 2 | 0 | |a stabilita meny |
| 610 | 2 | 0 | |a peniaze |
| 610 | 2 | 0 | |a politika menová |
| 610 | 2 | 0 | |a banky centrálne |
| 100 | 1 | |a Sobek, Otto | |